|
|
|
|
| LEADER |
00000nam a2200000 a 4500 |
| 001 |
vtls001265989 |
| 003 |
SK-MaSNL |
| 005 |
20260301113106.0 |
| 008 |
240315s1931 xo 0 und |
| 035 |
|
|
|a SNK000216924
|
| 040 |
|
|
|a SNK
|b slo
|c SNK
|e AACR2
|
| 044 |
|
|
|a xo
|c SK
|
| 100 |
1 |
|
|a Urbánek, Ferko,
|d 1858-1934
|4 aut
|9 52614
|
| 245 |
1 |
|
|a Vianoce
|b Sbierka vianočných rečňovaniek a divadelných hier pre mládež
|
| 260 |
|
|
|a Trnava
|b Fr.Urbánek a spol.
|c 1931
|
| 300 |
|
|
|a 123 s.
|
| 999 |
|
|
|c 712643
|d 714573
|
| 952 |
|
|
|t P60, <04>, [BOOK], {604}
|a SNK
|b SNK
|y VYP
|7 0
|p 17A0021073
|o snkSD 3558/10 D1
|0 0
|1 0
|4 0
|d 1996-11-12
|l 0
|r 2005-01-01 00:00:00
|w 2026-02-23
|
| 952 |
|
|
|a SNKLM
|b SNKLM
|y NEVYP
|7 0
|o snklmMK 684
|i snklm285/78
|8 3
|0 0
|1 0
|4 0
|d 2005-06-27
|l 0
|r 2026-02-23 21:36:38
|w 2026-02-23
|